01571cam a22004334i 4500003000900000005001700009008004100026035001900067035001900086040003300105082001700138100003000155245012600185264000500311336002100316337002500337338002300362526001000385526001000395526000900405526000900414526000900423526000900432526000900441526000900450526000900459526000800468526000800476526000800484526000800492526000800500942001400508949018700522994001400709596000600723999021300729980005500942952014000997PE-LiUPU20250731165540.0150625s r 000 0 d a(Sirsi) a32976 a(Sirsi) a32976 aPE-LiUPUbspacPE-LiUPUerda04a900bP662211 aPirenne, Jacques,eautor.10aHistoria Universal :bgrandes corrientes de la historia, el siglo XIX progresivo y colonialista.n6 /cJacques Pirenne. 1a atext2rdacontent aunmediated2rdamedia avolume2rdacarrier aSEG44 aSEG26 aP151 aP150 aP149 aP146 aP145 aP126 aP125 aP92 aP75 aP74 aP27 aP15 2ddccBOOK aRC 900 P66 6wDEWEYc1i07362lRCmBULr0sYtBOOKu2015-6-25xBIBLIOTECAzUNKNOWN0COMPRAo.CIRCNOTE. No olvidar cambiar la fecha de devolución!!!!!!!o.STAFF. Colección General aC0bPEPRU a1 aRC 900 P66 6wDEWEYc40687i07362f2021-11-8g5lRCGmBULr1sYtBOOKu2015-6-25xBIBLIOTECAzUNKNOWN0COMPRAo.CIRCNOTE. No olvidar cambiar la fecha de devolución!!!!!!!o.STAFF. Colección Generald40687 81gALBERTO SANCHEZ Responsable de Automatización r2025-12-02 00:00:00i6l0oRC 900 P66 6p07362te1w2015-06-25xFACIHEDyREF102ddc50718REFfP14aBULbBULcREFd2015-06-25eCOMPRA